| 000 | 00631nam a2200229Ia 4500 | ||
|---|---|---|---|
| 003 | OSt | ||
| 005 | 20221005085420.0 | ||
| 006 | a|||||r|||| 00| 0 | ||
| 007 | ta | ||
| 008 | 221004b |||||||| |||| 00| 0 eng d | ||
| 024 | _a33034 | ||
| 037 | _cTextual | ||
| 040 |
_aCRL _cCRL _beng |
||
| 041 |
_2eng _aeng |
||
| 082 | _aN173:3, J2 close section | ||
| 245 | 0 | _a82 distinctive houses from architectural record | |
| 260 |
_aNew York _bF.W.Dodge Corporation USA _c1952 |
||
| 300 |
_a442p _ccm. |
||
| 650 | _aARTS | ||
| 942 |
_hN173:3, J2 close section _cTEXL _2cc |
||
| 999 |
_c994203 _d994203 |
||